| 000 | 01035cab a2200229 4500 | ||
|---|---|---|---|
| 001 | ##L135129 | ||
| 008 | 060926n2006 000 0 eng u | ||
| 035 | _a(Sirsi) u135129 | ||
| 041 | 0 | _aeng | |
| 100 | 1 | _aBaiche, Bousmaha | |
| 245 | 0 | 0 | _aCompliance with building regulations in England and Wales |
| 260 | _c2006 | ||
| 490 | 0 |
_aStructural Survey _v24(4) 2006, 279-299(21) |
|
| 520 | _aAims to generate data (based on a sample of new-build housing schemes) about the levels of compliance with Building Regulations and standards typically achieved in England and Wales. Concludes that the levels of compliance were not always sufficient, though faults were largely due to lack of skills and knowledge of the required standards rather than purposeful non-compliance. [Taken from journal abstract]. | ||
| 590 | _aIKA031006 NTK | ||
| 650 | 2 | 4 | _aBUILDING REGULATIONS 2000 |
| 651 | 4 |
_aEngland and Wales _y1543- |
|
| 690 |
_aBuilding regulations _96224 |
||
| 700 | 1 | _aWalliman, Nicholas | |
| 700 | 1 | _aOgden, Raymond | |
| 942 | _n0 | ||
| 999 |
_c77794 _d77794 |
||